Enciclopedia Labor. (Record no. 26551)
[ view plain ]
| 000 -LEADER | |
|---|---|
| campo de control de longitud fija | 01072nam a2200205 i 4500 |
| 001 - NÚMERO DE CONTROL | |
| campo de control | 26551 |
| 003 - IDENTIFICADOR DE NÚMERO DE CONTROL | |
| campo de control | ES-MaACL |
| 005 - FECHA Y HORA DE LA ÚLTIMA TRANSACCIÓN | |
| campo de control | 20230906153448.0 |
| 007 - CAMPO FIJO DE DESCRIPCIÓN FÍSICA--INFORMACIÓN GENERAL | |
| campo de control de longitud fija | t| |
| 008 - DATOS DE LONGITUD FIJA--INFORMACIÓN GENERAL | |
| campo de control de longitud fija | 030109m19551984sp a e 00110 spa d |
| 245 00 - MENCIÓN DEL TÍTULO | |
| Título | Enciclopedia Labor. |
| 260 ## - PUBLICACIÓN, DISTRIBUCIÓN, ETC. | |
| Lugar de publicación, distribución, etc. | Barcelona : |
| Nombre del editor, distribuidor, etc. | Labor, |
| Fecha de publicación, distribución, etc. | 1955-1984. |
| 300 ## - DESCRIPCIÓN FÍSICA | |
| Extensión | 11 v. : |
| Otras características físicas | il. col. y n. ; |
| Dimensiones | 26 cm. |
| 505 8# - NOTA DE CONTENIDO CON FORMATO | |
| Nota de contenido con formato | Contiene: 1. El universo y la tierra (XLVII, 832 p.) - 2. La materia y la energía (XLVII, 949 p.) - 3. La vida (XXIV, 978 p.) - 4. El hombre y la tierra (XXXIX, 973 p.) - 5. El hombre a través del tiempo (2 v.: XXI, 795 p. ; XXVIII, 924 p.) - 6. Lenguaje y matemáticas (XXVIII, 925 p.) - 7. La literatura, la música (XL, 1152 p.) - 8. Las artes, los deportes, los juegos (LIII, 851 p.) - 9. La sociedad, el pensamiento, Dios (XL, 880 p.) - 10. Avances del saber (XXIX, 1067 p.) |
| 650 ## - PUNTO DE ACCESO ADICIONAL DE MATERIA--TÉRMINO DE MATERIA | |
| Término de materia o nombre geográfico como elemento de entrada | Enciclopedias. |
| 9 (RLIN) | 12235 |
| 852 ## - LOCALIZACIÓN | |
| Ubicación | ES-MaACL |
| Número de control de estantería | P-377-ter |
| Nota libre | - T. 5 (2 v.) |
| 852 ## - LOCALIZACIÓN | |
| Ubicación | ES-MaACL |
| Número de control de estantería | B-13871 |
| Nota libre | - T. 9 |
| 852 ## - LOCALIZACIÓN | |
| Ubicación | ES-MaACL |
| Número de control de estantería | C-36904 |
| Nota libre | - T. 10 |
| 852 ## - LOCALIZACIÓN | |
| Ubicación | ES-MaACL |
| Número de control de estantería | C-30103-12 bis |
| Estatus retirado | Estado de pérdida | Estado de daño | No para préstamo | Colección | Biblioteca de origen | Biblioteca actual | Ubicación en estantería | Fecha de adquisición | Fuente de adquisición | Total de préstamos | Signatura topográfica completa | Código de barras | Visto por última vez | Precio de reemplazo | Tipo de ítem Koha |
|---|---|---|---|---|---|---|---|---|---|---|---|---|---|---|---|
| Colección de referencia | Biblioteca del Ateneo de Madrid | Biblioteca del Ateneo de Madrid | Depósito 2 | 29/01/2019 | C-30103-12 bis | 1199711 | 23/02/2023 | 23/02/2023 | Libro impreso | ||||||
| Colección de referencia | Biblioteca del Ateneo de Madrid | Biblioteca del Ateneo de Madrid | Depósito 2 | 17/01/2008 | C-36904 | 1027402 | 23/02/2023 | 23/02/2023 | Libro impreso | ||||||
| Colección de referencia | Biblioteca del Ateneo de Madrid | Biblioteca del Ateneo de Madrid | Sala Pardo Bazán | 29/01/2019 | B-13871 | 1199709 | 23/02/2023 | 23/02/2023 | Libro impreso | ||||||
| Colección de referencia | Biblioteca del Ateneo de Madrid | Biblioteca del Ateneo de Madrid | Depósito 2 | 29/01/2019 | P-377-ter | 1199710 | 23/02/2023 | 23/02/2023 | Libro impreso |
